000 00387nam a22001697a 4500
005 20160629154126.0
008 160629b xxu||||| |||| 00| 0 eng d
020 _a978-93-80027-72-2
041 _aeng
082 _b12563
100 _aUpadhyay,A.K
_93142
245 _aFluid Mechanics
260 _bKatson
_c2012
300 _a401
650 _aDiploma Engineering
_9817
942 _cBK
999 _c4735
_d4733